000 00655pam a2200205 a 4500
001 1182037
005 20240826134608.0
008 970903s1998 paua bf 001 0 eng c
020 _a0397554702
050 0 0 _aRC271.C5
_bB37 1998
082 0 0 _a616.99/4061
_221
100 1 _aBaquiran, Delia C.
245 1 0 _aLippincott's cancer chemotherapy handbook /
_cDelia C. Baquiran, Jean Gallagher.
260 _aPhiladelphia :
_bLippincott,
_cc1998.
300 _axv, 373 p. :
_bill. ;
_c21 cm.
650 0 _aCancer
_xChemotherapy
_xHandbooks, manuals, etc.
650 1 2 _aNeoplasms
_xdrug therapy
_xhandbooks.
700 1 _aGallagher, Jean,
_d1965-
942 _2lcc
_cBK
_n0
999 _c22
_d22